| 000 | 00657cam a2200217 a 4500 | ||
|---|---|---|---|
| 001 | 2897892 | ||
| 005 | 20251122160438.0 | ||
| 008 | 890126s1988 maua b 001 0 eng | ||
| 020 | _a0395381231 | ||
| 020 | _a9780395381236 | ||
| 050 | 0 | 0 |
_aTC145 _b.R59 1988 |
| 082 | 0 | 0 |
_a627 _219 |
| 100 | 1 | _aRoberson, John A. | |
| 245 | 1 | 0 |
_aHydraulic engineering / _cJohn A. Roberson, John J. Cassidy, M. Hanif Chaudhry. |
| 260 |
_aBoston : _bHoughton Mifflin Co., _cc1988. |
||
| 300 |
_ax, 662 p. : _bill. ; _c25 cm. |
||
| 650 | 0 | _aHydraulic engineering. | |
| 700 | 1 |
_aCassidy, John J. _q(John Joseph), _d1930- |
|
| 700 | 1 | _aChaudhry, M. Hanif. | |
| 942 |
_2lcc _cBK _n0 |
||
| 999 |
_c8348 _d8348 |
||